000
00304nam a22001337a 4500
008
170601b xxu||||| |||| 00| 0 eng d
020
_a
0133872750
041
_a
eng
080
_2
6TH
_a
93
100
_a
17
101
_a
SHH
245
_a
HERITAGE OF WESTERN CIVILIZATION
_c
BEATTY, J.L
942
_2
udc
_c
BK
999
_c
15317
_d
15317